Central Library OPAC University of Rajshahi

Mathematical methods in the theory of queueing / (Record no. 7818)

MARC details
000 -LEADER
fixed length control field 00886cam a22002532 4500
001 - CONTROL NUMBER
control field 7818
003 - CONTROL NUMBER IDENTIFIER
rucl marc code BD-RjUL
005 - DATE AND TIME OF LATEST TRANSACTION
control field 20211208234500.0
008 - FIXED-LENGTH DATA ELEMENTS--GENERAL INFORMATION
fixed length control field 140115s1960 enk b 000 0 eng d
035 ## - SYSTEM CONTROL NUMBER
System control number (BD-RjUL)7862
-- OCLC ocm03140961 from D970922M
040 ## - CATALOGING SOURCE
Original cataloging agency IAI
Transcribing agency IAI
Modifying agency UKM
-- EQO
-- BD-RjUL
Language of cataloging eng
041 1# - LANGUAGE CODE
Language code of text/sound track or separate title engrus
082 04 - DEWEY DECIMAL CLASSIFICATION NUMBER
Classification number 519.82
Edition number 18
Author mark and year KHM 1960
100 1# - MAIN ENTRY--PERSONAL NAME
Personal name Khinchin, A Y
Fuller form of name (Aleksandr I͡Akovlevich),
Dates associated with a name 1894-1959.
9 (RLIN) 24396
245 10 - TITLE STATEMENT
Title Mathematical methods in the theory of queueing /
Statement of responsibility, etc. by A. Y. Khintchine ; translated by D. M. Andrews and M. H. Quenouille.
260 ## - PUBLICATION, DISTRIBUTION, ETC. (IMPRINT)
Place of publication, distribution, etc. London :
Name of publisher, distributor, etc. Griffin,
Date of publication, distribution, etc. 1960.
300 ## - PHYSICAL DESCRIPTION
Pagination 120 p. ;
Size 22 cm.
490 0# - SERIES STATEMENT
Series statement Griffin's statistical monographs & courses ;
Volume/sequential designation no. 7
504 ## - BIBLIOGRAPHY, ETC. NOTE
Bibliography, etc Bibliography: p. 120.
650 #0 - SUBJECT ADDED ENTRY--TOPICAL TERM
Topical term or geographic name as entry element Queuing theory.
9 (RLIN) 24397
700 ## - ADDED ENTRY--PERSONAL NAME
Personal name Andrews, D. M.
Personal name Quenouille, M. H.
942 ## - ADDED ENTRY ELEMENTS (KOHA)
Source of classification or shelving scheme Dewey Decimal Classification
Koha item type Books
Holdings
Lost status Source of classification or shelving scheme Damaged status Not for loan Collection code Permanent Location Current Location Shelving location Date acquired Source of acquisition Cost, normal purchase price Total Checkouts Full call number Date last seen Copy number Koha item type
  Dewey Decimal Classification     Non-fiction Central Library, University of Rajshahi Central Library, University of Rajshahi   04/12/1967 National Book Agency. 32.00   519.82 KHM 1960 15/01/2014 C-4 Books
  Dewey Decimal Classification     Non-fiction Central Library, University of Rajshahi Central Library, University of Rajshahi   09/12/1967 National bk. agency 34.00   519.82 KHM 1960 01/09/2016 C-2 Books
  Dewey Decimal Classification     Non-fiction Central Library, University of Rajshahi Central Library, University of Rajshahi   09/12/1967 National bk. agency 32.00   519.82 KHM 1960 01/09/2016 C-3 Books
  Dewey Decimal Classification     Non-fiction Central Library, University of Rajshahi Central Library, University of Rajshahi   09/12/1967 National bk. agency 32.00   519.82 KHM 1960 01/09/2016 C-5 Books